000
00211 a2200097 4500
001
23660
100
_a
Valid, S.A
245
_a
Thoughts and reflections of Iqbal
260
_a
_b
Ashraf
_c
090
_c
16040
_d
16040
942
_a
NUST-CAE
_c
M
_c
6715
999
_c
258733
_d
258733